|
|
|
|
| LEADER |
00886nab a2200193 i 4500 |
| 001 |
acta17931 |
| 005 |
20210615082325.0 |
| 008 |
161015s1974 hu o 0|| hun d |
| 022 |
|
|
|a 0371-3458
|
| 040 |
|
|
|a SZTE Egyetemi Kiadványok Repozitórium
|b hun
|
| 041 |
|
|
|a hun
|
| 100 |
1 |
|
|a Ábrahám Ambrus
|
| 245 |
1 |
0 |
|a [ünnepi beszéd]
|h [elektronikus dokumentum] :
|b elhangzott az ünnepi tanácsülés, 1973. október 6-án /
|c Ábrahám Ambrus
|
| 260 |
|
|
|c 1974
|
| 300 |
|
|
|a 551-552
|
| 490 |
0 |
|
|a A Szegedi Tanárképző Főiskola tudományos közleményei
|
| 695 |
|
|
|a Neveléstudomány
|
| 710 |
|
|
|a Az általános iskolai tanárképzés 25 éves évfordulóján, a Szegedi Tanárképző Főiskola 100 éves jubileumi és névadó ünnepségén elhangzott beszédek., 1973. október 5-6., Szeged
|
| 856 |
4 |
0 |
|u http://acta.bibl.u-szeged.hu/17931/1/tanarkepzo_1974_1_551-552.pdf
|z Dokumentum-elérés
|